Implementácia projektu "Sofistikované informácie pre úspech misie" do prípravy jednotiek OS SR na účasť v operáciách medzinárodného krízového manažmentu
Štruktúra riešenia a výstupy projektu Európskej obrannej agentúry (EDA), alebo SIMS (Sophisticated information for mission success). Efektívnosť nasadených jednotiek a znižovanie ohrozenia zdravia a životov vojakov v operáciách tohto typu. Projekty NATO a EDA sú nástrojom, ktorý by mal účastníkov mi...
Uložené v:
| Hlavný autor: | |
|---|---|
| Médium: | Kapitola |
| Jazyk: | Slovak |
| Predmet: | |
| Tagy: |
Žiadne tagy, Buďte prvý, kto otaguje tento záznam!
|
MARC
| LEADER | 00000nla a2200000 4500 | ||
|---|---|---|---|
| 001 | 0182949 | ||
| 005 | 20221104122739.9 | ||
| 041 | 0 | |a slo | |
| 044 | |a SK | ||
| 245 | 1 | 0 | |a Implementácia projektu "Sofistikované informácie pre úspech misie" do prípravy jednotiek OS SR na účasť v operáciách medzinárodného krízového manažmentu |c Stanislav Morong |
| 520 | |a Štruktúra riešenia a výstupy projektu Európskej obrannej agentúry (EDA), alebo SIMS (Sophisticated information for mission success). Efektívnosť nasadených jednotiek a znižovanie ohrozenia zdravia a životov vojakov v operáciách tohto typu. Projekty NATO a EDA sú nástrojom, ktorý by mal účastníkov misií vybaviť škálou informačných zdrojov a technického vybavenia, nevyhnutných pre splnenie misie s maximalizáciou bezpečnostných opatrení a minimalizáciou strát. | ||
| 610 | 2 | 0 | |a sily ozbrojené |
| 610 | 2 | 0 | |a bezpečnosť |
| 610 | 2 | 0 | |a armáda |
| 610 | 2 | 0 | |a vojenstvo |
| 610 | 2 | 0 | |a misia |
| 610 | 2 | 0 | |a riziko bezpečnostné |
| 610 | 2 | 0 | |a systémy bezpečnostné |
| 100 | 1 | |a Morong, Stanislav | |